[Event "XI C.to NATO"]
[Site "Leopoldsburg BEL"]
[Date "2000.10.24"]
[Round "3"]
[White "Corvi, Marco"]
[Black "Deleyn, Gunter"]
[Result "0-1"]
[WhiteElo "2319"]
[BlackElo "2209"]
[PlyCount "142"]
[EventDate "2000.10.23"]

1. c4 c5 2. Nc3 b6 3. e4 Bb7 4. Nf3 e6 5. Bd3 d6 6. Bc2 Nd7 7. O-O a6 8. d4
cxd4 9. Qxd4 Qc7 10. b3 Ngf6 11. Bb2 Be7 12. Rfe1 O-O 13. Rac1 Rac8 14. h3 Rfd8
15. Bb1 Bf8 16. Qe3 g6 17. Kh1 Bg7 18. Nd4 Qc5 19. Rcd1 Rb8 20. Kg1 Ba8 21. Nc2
Nxe4 22. Nxe4 Qxe3 23. Nxe3 Bxb2 24. Rxd6 Nc5 25. Rxd8+ Rxd8 26. Nxc5 bxc5 27.
Rd1 Bd4 28. Kf1 Rb8 29. Nc2 Be5 30. Ne3 Bc6 31. f3 a5 32. Be4 Bxe4 33. fxe4 a4
34. Rd3 axb3 35. Rxb3 Ra8 36. a3 Ra4 37. Ke2 Bd4 38. Nc2 Rxc4 39. Kd3 Ra4 40.
Rb8+ Kg7 41. Nxd4 Rxd4+ 42. Ke3 Ra4 43. Rb3 c4 44. Rc3 e5 45. g4 Kf6 46. h4 Ke6
47. Kd2 f5 48. exf5+ gxf5 49. gxf5+ Kxf5 50. Ke3 h5 51. Kf3 e4+ 52. Ke3 Ke5 53.
Kd2 Kd4 54. Rg3 Ra8 55. Rg5 Rxa3 56. Rxh5 Ra2+ 57. Kd1 c3 58. Rh8 Rd2+ 59. Kc1
e3 60. Rd8+ Ke4 61. Re8+ Kf5 62. Rf8+ Kg4 63. Rg8+ Kxh4 64. Rh8+ Kg5 65. Rg8+
Kf6 66. Rf8+ Kg7 67. Rf1 e2 68. Rg1+ Kf6 69. Rh1 Kg5 70. Rg1+ Kf4 71. Rh1 Kg3
0-1

[Event "XI C.to NATO"]
[Site "Leopoldsburg BEL"]
[Date "2000.10.24"]
[Round "3"]
[White "Pedersen, Jacob Bang"]
[Black "Benedetti, Fabrizio"]
[Result "1/2-1/2"]
[WhiteElo "2169"]
[BlackElo "2238"]
[PlyCount "41"]
[EventDate "2000.10.23"]

1. d4 Nf6 2. c4 e6 3. Nc3 d5 4. cxd5 exd5 5. Bg5 Be7 6. e3 c6 7. Bd3 Nbd7 8.
Qc2 O-O 9. Nf3 Re8 10. h3 Nf8 11. O-O Nh5 12. Bxe7 Qxe7 13. a3 g6 14. b4 a6 15.
Na4 Ng7 16. Rfc1 Bf5 17. Nc5 Bxd3 18. Qxd3 Nf5 19. a4 Ne6 20. a5 Nd6 21. Re1
1/2-1/2

[Event "XI C.to NATO"]
[Site "Leopoldsburg BEL"]
[Date "2000.10.24"]
[Round "3"]
[White "Toumaniantz, Rouslan"]
[Black "Crapulli, Giuseppe"]
[Result "1-0"]
[WhiteElo "2162"]
[BlackElo "1885"]
[PlyCount "100"]
[EventDate "2000.10.23"]

1. e4 c5 2. Nf3 e6 3. c3 Nf6 4. e5 Nd5 5. d4 cxd4 6. cxd4 Nc6 7. Nc3 d6 8. Bb5
Bd7 9. Nxd5 exd5 10. O-O dxe5 11. dxe5 Nb4 12. Bg5 Be7 13. Bxd7+ Qxd7 14. Bxe7
Qxe7 15. a3 Nc6 16. Qxd5 Rd8 17. Qc4 O-O 18. Rfe1 Rfe8 19. Re3 Qe6 20. Qxe6
Rxe6 21. Rae1 Rd5 22. b4 h6 23. g4 g5 24. h4 Nd4 25. Nxd4 Rxd4 26. Re4 Rd5 27.
hxg5 hxg5 28. Kg2 Kg7 29. Kg3 Kg6 30. f4 Rd3+ 31. R4e3 gxf4+ 32. Kxf4 Rd2 33.
R1e2 Rd8 34. Re4 b6 35. Rh2 Rd1 36. Rh5 Rf1+ 37. Ke3 Re1+ 38. Kd3 Rd1+ 39. Kc2
Rd5 40. Rf5 a6 41. Ref4 Rdxe5 42. Rxf7 Re2+ 43. Kb3 R6e3+ 44. Ka4 Re6 45. Rf8
a5 46. Rg8+ Kh7 47. Rg5 Rg2 48. Rf7+ Kh6 49. Rh5+ Kg6 50. Rb7 Rf2 1-0

[Event "XI C.to NATO"]
[Site "Leopoldsburg BEL"]
[Date "2000.10.25"]
[Round "4"]
[White "Benedetti, Fabrizio"]
[Black "Baerwinkel, Tobias"]
[Result "1-0"]
[WhiteElo "2238"]
[BlackElo "2176"]
[PlyCount "57"]
[EventDate "2000.10.23"]

1. e4 c5 2. Nf3 d6 3. d4 cxd4 4. Qxd4 Nc6 5. Bb5 Qa5+ 6. Nc3 Qxb5 7. Nxb5 Nxd4
8. Nfxd4 Kd8 9. Be3 Nf6 10. f3 a6 11. Nc3 e5 12. Nde2 Kc7 13. Bg5 Be6 14. O-O-O
Be7 15. Bxf6 Bxf6 16. Nd5+ Kc6 17. Rd3 b5 18. Rhd1 Bg5+ 19. Kb1 Rac8 20. Nec3
Rhd8 21. a4 bxa4 22. Nxa4 Kb7 23. Ra3 Rc4 24. Rdd3 Rd4 25. Rdb3+ Ka7 26. Nac3
Bd7 27. Rb6 Bc8 28. Nb5+ Ka8 29. Ndc7# 1-0

[Event "XI C.to NATO"]
[Site "Leopoldsburg BEL"]
[Date "2000.10.25"]
[Round "4"]
[White "Crapulli, Giuseppe"]
[Black "Nielsen, Henrik Lindholt"]
[Result "0-1"]
[WhiteElo "1885"]
[BlackElo "2024"]
[PlyCount "77"]
[EventDate "2000.10.23"]

1. e4 e6 2. d4 d5 3. Nd2 c5 4. exd5 Qxd5 5. Ngf3 cxd4 6. Bc4 Qc5 7. Qe2 Nf6 8.
Nb3 Qc7 9. Nbxd4 a6 10. Bg5 Be7 11. O-O-O O-O 12. Ne5 b5 13. Bb3 Bb7 14. f4 Nc6
15. Nexc6 Bxc6 16. Nxc6 Qxc6 17. Kb1 Qc7 18. Rd2 h6 19. h4 Rfd8 20. Bxf6 Bxf6
21. Rxd8+ Rxd8 22. g3 Qd6 23. Kc1 g6 24. Re1 b4 25. Qe3 Kg7 26. Bc4 a5 27. Be2
Qd4 28. Qxd4 Bxd4 29. Rh1 Bf2 30. Rh3 Be3+ 31. Kb1 Rd2 32. Rh2 Kf6 33. c4 Ke7
34. Rg2 Kd6 35. Rh2 h5 36. Rg2 Kc5 37. a3 Bd4 38. Bf3 Rxg2 39. Bxg2 0-1

[Event "XI C.to NATO"]
[Site "Leopoldsburg BEL"]
[Date "2000.10.25"]
[Round "4"]
[White "Nielsen, Jan Mose"]
[Black "Corvi, Marco"]
[Result "0-1"]
[WhiteElo "2030"]
[BlackElo "2319"]
[PlyCount "182"]
[EventDate "2000.10.23"]

1. d4 f5 2. c3 Nf6 3. Bf4 e6 4. Nd2 Be7 5. Qc2 O-O 6. Ngf3 c5 7. Bxb8 Rxb8 8.
e3 b6 9. Be2 Bb7 10. O-O Ne4 11. Nxe4 Bxe4 12. Bd3 Bxf3 13. gxf3 Rf6 14. Kh1
Rh6 15. f4 Kh8 16. f3 Bd6 17. Rf2 Rc8 18. Qd2 Qh4 19. Raf1 Rf8 20. Qe1 Qd8 21.
Rg2 Qc7 22. Qd2 Rg8 23. Rff2 Rh4 24. a3 Qd8 25. Qe1 Bb8 26. Rd2 d5 27. Rg5 Rh6
28. Rdg2 c4 29. Bc2 Bd6 30. Re2 Be7 31. Rgg2 Bh4 32. Qd1 Qd6 33. a4 a6 34. Qa1
Bd8 35. Rg1 Bc7 36. Rgg2 Rh5 37. Qg1 Qe7 38. Rg5 Rh6 39. Rgg2 Ra8 40. Qa1 Bd6
41. Rg5 Qf8 42. Qb1 b5 43. axb5 axb5 44. Bxf5 exf5 45. Qxf5 Qxf5 46. Rxf5 Ra1+
47. Kg2 Rg6+ 48. Kf2 Be7 49. e4 dxe4 50. fxe4 Rd1 51. Rxb5 h6 52. Kf3 Rf1+ 53.
Rf2 Re1 54. f5 Rgg1 55. e5 Bg5 56. Rc2 Rgf1+ 57. Rf2 Rg1 58. Rc2 Re3+ 59. Kf2
Rg4 60. Rb8+ Kh7 61. Rc8 Ree4 62. Rxc4 Ref4+ 63. Ke1 Rg1+ 64. Ke2 Rg2+ 65. Kd3
Rf3+ 66. Ke4 Re3+ 67. Kd5 Rxc2 68. e6 Rxb2 69. Kc6 Rc2 70. d5 Rexc3 71. Rxc3
Rxc3+ 72. Kd7 Ra3 73. d6 Ra7+ 74. Kc6 Kg8 75. Kb6 Ra1 76. Kc7 Ra7+ 77. Kb6 Be3+
78. Kc6 Kf8 79. Kd5 Ra5+ 80. Kc6 Ra7 81. h3 Ke8 82. Kd5 Bf4 83. h4 Ra5+ 84. Ke4
Bxd6 85. h5 Ke7 86. Kd4 Rxf5 87. Ke4 Re5+ 88. Kf3 Kxe6 89. Kg4 Rg5+ 90. Kh3
Rxh5+ 91. Kg2 g5 0-1

[Event "XI C.to NATO"]
[Site "Leopoldsburg BEL"]
[Date "2000.10.26"]
[Round "5"]
[White "Corvi, Marco"]
[Black "Wantiez, Fabrice"]
[Result "1-0"]
[WhiteElo "2319"]
[BlackElo "2244"]
[PlyCount "115"]
[EventDate "2000.10.23"]

1. d4 Nf6 2. Nf3 g6 3. g3 Bg7 4. Bg2 O-O 5. O-O d5 6. c4 dxc4 7. Na3 Nc6 8.
Nxc4 Be6 9. b3 Nd5 10. Bb2 Nb6 11. Rc1 Bd5 12. Nce5 a5 13. Re1 Bh6 14. Rc5 Nxe5
15. dxe5 c6 16. e4 Be6 17. Nd4 Bc8 18. f4 a4 19. Kh1 axb3 20. axb3 Nd7 21. Rc2
Qb6 22. Bf1 Nc5 23. Bc4 Rd8 24. Qf3 Ne6 25. Nxe6 Bxe6 26. Bxe6 fxe6 27. Qc3 Qb5
28. Qc4 Qxc4 29. bxc4 Ra2 30. Ree2 g5 31. Rf2 gxf4 32. gxf4 Kf7 33. Kg2 b5 34.
cxb5 cxb5 35. f5 Rg8+ 36. Kf3 Rg5 37. fxe6+ Kg6 38. Rc7 Rh5 39. Rxe7 Rh3+ 40.
Kg4 Rh4+ 41. Kxh4 Bg5+ 42. Kg3 Bxe7 43. Rg2 b4 44. Kf4+ Kh6 45. Kf5 b3 46. Bc1+
Kh5 47. Rg7 h6 48. Rxe7 Ra1 49. Bf4 Ra8 50. Rf7 Rh8 51. e7 b2 52. Rf8 b1=Q 53.
e8=Q+ Kh4 54. Rxh8 Kh3 55. Rxh6+ Kg2 56. Qg8+ Kh1 57. Qc4 Qd1 58. Qc1 1-0

[Event "XI C.to NATO"]
[Site "Leopoldsburg BEL"]
[Date "2000.10.26"]
[Round "5"]
[White "Helbig, Mark"]
[Black "Benedetti, Fabrizio"]
[Result "1-0"]
[WhiteElo "2235"]
[BlackElo "2238"]
[PlyCount "111"]
[EventDate "2000.10.23"]

1. d4 Nf6 2. c4 e6 3. Nc3 d5 4. Bg5 Nbd7 5. Nf3 c6 6. e3 Qa5 7. Qb3 Ne4 8. Bf4
Bb4 9. Rc1 Nb6 10. Bd3 dxc4 11. Bxc4 Nd5 12. Bxd5 exd5 13. O-O Bxc3 14. bxc3
O-O 15. h3 Kh8 16. Rfd1 Qd8 17. c4 dxc4 18. Qxc4 Be6 19. Qc2 Bd5 20. Ne5 f6 21.
Nd3 f5 22. Rb1 b6 23. f3 Nd6 24. Bxd6 Qxd6 25. Rbc1 Rae8 26. Qf2 Re6 27. Ne5
Rxe5 28. dxe5 Qxe5 29. Qd2 Re8 30. Kf2 h6 31. Qd4 Qe6 32. a3 Kh7 33. Qf4 b5 34.
Re1 a5 35. Rcd1 Re7 36. g4 fxg4 37. e4 g3+ 38. Qxg3 Bc4 39. Rd6 Qf7 40. Rxc6
Rd7 41. Rd6 Rxd6 42. Qxd6 Qh5 43. Kg2 Qg5+ 44. Kh2 Qh5 45. Rg1 Qf7 46. Qg3 b4
47. axb4 axb4 48. Qe5 b3 49. Qd4 Be2 50. Rg3 Bxf3 51. Qd3 b2 52. e5+ Kh8 53. e6
b1=Q 54. Qxb1 Qc7 55. e7 Bh5 56. Qf5 1-0

[Event "XI C.to NATO"]
[Site "Leopoldsburg BEL"]
[Date "2000.10.26"]
[Round "6"]
[White "Benedetti, Fabrizio"]
[Black "Dreesen, Jan"]
[Result "1/2-1/2"]
[WhiteElo "2238"]
[BlackElo "2119"]
[PlyCount "58"]
[EventDate "2000.10.23"]

1. e4 d5 2. exd5 Qxd5 3. Nc3 Qa5 4. d4 c6 5. Bd3 Nf6 6. h3 g6 7. Nf3 Bg7 8. Bg5
O-O 9. Qd2 Re8 10. O-O-O Be6 11. Bh6 Bxa2 12. Bxg7 Kxg7 13. Ne5 Be6 14. Bc4 Ne4
15. Qe3 Nxc3 16. Bxe6 Nxd1 17. Qf4 f6 18. Rxd1 Rf8 19. Nf3 Na6 20. d5 Rad8 21.
Nd4 cxd5 22. Bg4 Nc7 23. Qxc7 Qxc7 24. Ne6+ Kf7 25. Nxc7 f5 26. Bf3 e6 27. Re1
Rd6 28. Nxe6 Rxe6 29. Bxd5 Rfe8 1/2-1/2

[Event "XI C.to NATO"]
[Site "Leopoldsburg BEL"]
[Date "2000.10.26"]
[Round "6"]
[White "Corvi, Marco"]
[Black "Helbig, Mark"]
[Result "1-0"]
[WhiteElo "2319"]
[BlackElo "2235"]
[PlyCount "93"]
[EventDate "2000.10.23"]

1. c4 Nf6 2. Nc3 g6 3. Nf3 Bg7 4. g3 b6 5. Bg2 Bb7 6. d4 O-O 7. O-O d6 8. Qc2
Nbd7 9. e4 e5 10. d5 h6 11. Bd2 Nh5 12. b4 Bc8 13. a4 f5 14. Nh4 f4 15. Nxg6
Rf6 16. Nh4 Rf7 17. Nf5 Nf8 18. g4 Nf6 19. f3 N8h7 20. h3 h5 21. Be1 Bxf5 22.
exf5 Qe7 23. Bh4 Bh6 24. Ne4 Rg7 25. a5 bxa5 26. Rxa5 Kh8 27. Rfa1 Rag8 28.
Rxa7 hxg4 29. hxg4 Qf7 30. Ra8 Nxg4 31. Rxg8+ Rxg8 32. fxg4 Rxg4 33. Ra8+ Bf8
34. Qf2 f3 35. Qxf3 Rxh4 36. Qg3 Rf4 37. Qg6 Rxf5 38. Qxf7 Rxf7 39. c5 Kg7 40.
c6 Kg6 41. b5 Bh6 42. Ra3 Bg5 43. Rg3 Kh5 44. Bf3+ Kg6 45. Nxd6 cxd6 46. b6 Kf6
47. c7 1-0

[Event "XI C.to NATO"]
[Site "Leopoldsburg BEL"]
[Date "2000.10.27"]
[Round "7"]
[White "Doettling, Fabian"]
[Black "Corvi, Marco"]
[Result "1-0"]
[WhiteElo "2475"]
[BlackElo "2319"]
[PlyCount "81"]
[EventDate "2000.10.23"]

1. d4 f5 2. g3 Nf6 3. Bg2 d6 4. Nc3 e6 5. e4 fxe4 6. Nxe4 Be7 7. Qe2 Nxe4 8.
Qxe4 Bf6 9. Nf3 O-O 10. O-O d5 11. Qe2 c5 12. dxc5 Na6 13. c4 Nxc5 14. Rd1 d4
15. Bf4 d3 16. Qe3 Qb6 17. Be5 Bd7 18. Rab1 a5 19. Bxf6 Rxf6 20. Rxd3 e5 21.
Rbd1 Bf5 22. Re1 Na4 23. b3 Qxe3 24. Rdxe3 Nb6 25. Rxe5 a4 26. Re8+ Rxe8 27.
Rxe8+ Kf7 28. Rb8 Rd6 29. Rxb7+ Kf6 30. h3 axb3 31. axb3 Be4 32. Rb8 Nd7 33.
Re8 Rd1+ 34. Kh2 Bc2 35. b4 Rb1 36. Nd4 Bg6 37. Rd8 Ne5 38. Rd6+ Kf7 39. f4 Rb2
40. f5 Nxc4 41. fxg6+ 1-0

[Event "XI C.to NATO"]
[Site "Leopoldsburg BEL"]
[Date "2000.10.27"]
[Round "7"]
[White "Tia, Rudy jr"]
[Black "Crapulli, Giuseppe"]
[Result "1/2-1/2"]
[WhiteElo "2216"]
[BlackElo "1885"]
[PlyCount "120"]
[EventDate "2000.10.23"]

1. g3 Nf6 2. Bg2 d5 3. Nf3 b6 4. d3 Bb7 5. O-O e6 6. Nbd2 Nbd7 7. Re1 Be7 8. e4
dxe4 9. dxe4 O-O 10. e5 Nd5 11. Ne4 Nc5 12. Nfg5 Nxe4 13. Nxe4 b5 14. Qg4 Kh8
15. Bg5 Bxg5 16. Nxg5 h6 17. h4 Qe7 18. Qh5 Kg8 19. Ne4 Rab8 20. Qg4 Kh8 21. f4
Qb4 22. Rad1 Qxb2 23. Nc5 Bc6 24. f5 Qc3 25. Nxe6 fxe6 26. f6 Qc5+ 27. Kh2 Nxf6
28. exf6 Rxf6 29. Rd2 Bxg2 30. Kxg2 Rbf8 31. Kh3 Qc6 32. Qe4 Qc3 33. Rde2 Rf3
34. Re3 Rxe3 35. Rxe3 Qf6 36. Re1 Qf5+ 37. Qxf5 Rxf5 38. Rxe6 Rc5 39. Ra6 Rxc2
40. Rxa7 Kg8 41. Rb7 Rc5 42. Kg4 Kf7 43. Kf4 Ke6 44. Rb8 c6 45. Re8+ Kf6 46.
Rf8+ Ke7 47. Rg8 Kf6 48. Rc8 Kg6 49. Rc7 Rc4+ 50. Ke5 Rc2 51. g4 b4 52. h5+ Kh7
53. Rb7 c5 54. Kd5 Kg8 55. Rb5 Kf7 56. Rxc5 Rxa2 57. Rc7+ Kf6 58. Rc6+ Kf7 59.
Rc7+ Kf6 60. Rc6+ Kf7 1/2-1/2

[Event "C.to Europeo U16 femminile"]
[Site "Kallithea GRE"]
[Date "2000.10.04"]
[Round "3"]
[White "Komiagina, Maria"]
[Black "Costantini, Laura"]
[Result "1-0"]
[WhiteElo "2186"]
[BlackElo "1651"]
[PlyCount "55"]
[EventDate "2000.10.02"]

1. e4 c6 2. d4 d5 3. exd5 cxd5 4. c4 Nf6 5. Nc3 e6 6. Nf3 Nc6 7. Bg5 Be7 8. c5
O-O 9. Bb5 Qc7 10. Rc1 Bd7 11. Bxc6 bxc6 12. O-O Rab8 13. Qd2 Qb7 14. Rb1 Kh8
15. b4 Ng8 16. Bf4 Rbc8 17. a4 a6 18. Qd3 f6 19. b5 axb5 20. axb5 e5 21. bxc6
Qxc6 22. Rb6 Qc7 23. Nxd5 Qd8 24. dxe5 Bxc5 25. exf6 Bxb6 26. fxg7+ Kxg7 27.
Be5+ Nf6 28. Ng5 1-0

[Event "X C.to Mondiale seniores"]
[Site "Rowy POL"]
[Date "2000.09.11"]
[Round "1"]
[White "Szczepaniec, Stanislaw"]
[Black "Neri, Angelo"]
[Result "1-0"]
[WhiteElo "2126"]
[BlackElo "1857"]
[PlyCount "85"]
[EventDate "2000.09.11"]

1. d4 f5 2. c4 Nf6 3. g3 g6 4. Bg2 Bg7 5. Nf3 O-O 6. O-O d6 7. Nc3 Nc6 8. Qc2
Qe8 9. Bg5 Qf7 10. d5 Nb4 11. Qd2 Bd7 12. Nd4 Na6 13. Ne6 Rfc8 14. Nxg7 Qxg7
15. e4 Nxe4 16. Nxe4 fxe4 17. Rae1 Re8 18. Rxe4 Nc5 19. Re2 e5 20. dxe6 Bxe6
21. b4 Nd7 22. Rxe6 Rxe6 23. Bxb7 Rae8 24. Bd5 Qf7 25. Kg2 Nb6 26. Bxe6 Qxe6
27. c5 dxc5 28. bxc5 Qc6+ 29. Kg1 Qxc5 30. Rc1 Qd5 31. Rxc7 Qxd2 32. Bxd2 Re2
33. Rc2 Re7 34. Be3 Kf7 35. Rc6 Nd5 36. Bc5 Rd7 37. Ra6 Nc3 38. Bxa7 Rd1+ 39.
Kg2 Ra1 40. Bd4 Rxa2 41. Rf6+ Ke7 42. Bxc3 Rc2 43. Rf3 1-0

[Event "X C.to Mondiale seniores"]
[Site "Rowy POL"]
[Date "2000.09.13"]
[Round "3"]
[White "Neri, Angelo"]
[Black "Kuznetsov, Fiodor"]
[Result "0-1"]
[WhiteElo "1857"]
[BlackElo "2062"]
[PlyCount "88"]
[EventDate "2000.09.11"]

1. e4 e5 2. Nf3 Nc6 3. Bb5 f5 4. Nc3 fxe4 5. Nxe4 d5 6. Nxe5 dxe4 7. Nxc6 Qg5
8. Nd4+ c6 9. Bf1 Qe5 10. Ne2 Bf5 11. Ng3 Bg6 12. Qe2 Bd6 13. f3 exf3 14. Qxe5+
Bxe5 15. gxf3 Bxc2 16. Bh3 Nf6 17. O-O O-O 18. Be6+ Kh8 19. Bf5 Bxf5 20. Nxf5
Nd5 21. d4 Bc7 22. Ne3 Nf4 23. Bd2 Ne2+ 24. Kg2 Nxd4 25. Bc3 Nb5 26. Rad1 Nxc3
27. bxc3 Rad8 28. Ng4 Ba5 29. c4 Kg8 30. Nf2 Rxd1 31. Rxd1 Rd8 32. Rxd8+ Bxd8
33. Ne4 Be7 34. a4 Kf7 35. Kf2 Ke6 36. Ke3 b6 37. Nc3 Bd6 38. h3 a6 39. Ne4 Be5
40. Ke2 b5 41. cxb5 cxb5 42. axb5 axb5 43. Ke1 Bc3+ 44. Nxc3 Kf6 0-1

[Event "X C.to Mondiale seniores"]
[Site "Rowy POL"]
[Date "2000.09.21"]
[Round "9"]
[White "Neri, Angelo"]
[Black "Trifunovic, Dusan"]
[Result "1/2-1/2"]
[WhiteElo "1857"]
[BlackElo "2095"]
[PlyCount "88"]
[EventDate "2000.09.11"]

1. e4 e5 2. Nf3 Nc6 3. Bb5 Nd4 4. Nxd4 exd4 5. O-O Bc5 6. d3 Ne7 7. Nd2 O-O 8.
Nb3 Bb6 9. a4 c6 10. Bc4 d5 11. exd5 cxd5 12. Bb5 a6 13. a5 axb5 14. axb6 Rxa1
15. Nxa1 b4 16. Bd2 Nc6 17. Re1 Qxb6 18. Qf3 Be6 19. Qg3 Ra8 20. Bh6 g6 21. Qh4
Qd8 22. Bg5 Qf8 23. Bf6 b6 24. Nb3 Rc8 25. Nxd4 Nxd4 26. Bxd4 h5 27. Qf6 Kh7
28. c3 Rc6 29. Ra1 bxc3 30. bxc3 b5 31. Ra8 Rc8 32. Rxc8 Bxc8 33. h3 Bf5 34.
Kh2 Bxd3 35. f3 Bc2 36. Kg3 Bf5 37. Kf2 Bd3 38. g4 Bc2 39. f4 Be4 40. Kg3 Qg8
41. Kh2 Bf3 42. Kg3 Be4 43. Kf2 Bh1 44. Qe5 Be4 1/2-1/2

[Event "X C.to Mondiale seniores"]
[Site "Rowy POL"]
[Date "2000.09.23"]
[Round "11"]
[White "Neri, Angelo"]
[Black "Dembowski, Andrzej"]
[Result "1-0"]
[WhiteElo "1857"]
[BlackElo "2030"]
[PlyCount "86"]
[EventDate "2000.09.11"]

1. e4 c5 2. Nf3 d6 3. d4 cxd4 4. Qxd4 Nc6 5. Bb5 Bd7 6. Bxc6 Bxc6 7. Nc3 e6 8.
Bg5 Qc7 9. O-O a6 10. Rfe1 h6 11. Be3 Nf6 12. Rad1 Rc8 13. Nd2 b5 14. a3 e5 15.
Qb6 Qxb6 16. Bxb6 Be7 17. Nb3 O-O 18. f3 Nd7 19. Ba5 Nf6 20. Rd2 Ba8 21. Red1
Rc6 22. Bb4 Ne8 23. Na5 Rb6 24. Nd5 Bxd5 25. Rxd5 Nc7 26. R5d3 Rd8 27. c3 Ne6
28. g3 g6 29. Kg2 f5 30. Nb3 Rc6 31. Na5 Rc7 32. Bxd6 Rcd7 33. Nc6 Bxd6 34.
Nxd8 Rxd8 35. Rxd6 Re8 36. Rxa6 fxe4 37. fxe4 g5 38. Rdd6 Nc5 39. Rg6+ Kf7 40.
Raf6+ Ke7 41. Rc6 Kf7 42. Rxh6 Nxe4 43. Rc7+ Kg8 1-0

[Event "C.to Italiano U16 femminile Finale"]
[Site "Torre Macauda - Sciacca ITA"]
[Date "2000.07.06"]
[Round "1"]
[White "Sedani, Elisa"]
[Black "Costantini, Laura"]
[Result "0-1"]
[WhiteElo "1533"]
[BlackElo "1651"]
[PlyCount "78"]
[EventDate "2000.07.06"]

1.e4 c6 2.d4 d5 3.Nc3 dxe4 4.Bc4 Nf6 5.f3 b5 6.Be2 exf3 7.Nxf3 b4 8.Na4 
Ba6 9.O-O e6 10.Bg5 Be7 11.Bxa6 Nxa6 12.Qd3 Qa5 13.b3 O-O 14.Ne5 Nb8 15.
Rf3 Nd5 16.Rh3 f5 17.Bh6 Bf6 18.Qg3 Qc7 19.Re1 Nd7 20.Nxd7 Qxd7 21.Nc5 
Bxd4+ 22.Be3 Bxe3+ 23.Rxe3 Qe7 24.Nxe6 Nxe3 25.Nxf8 Rxf8 26.Qxe3 Re8 27.
Qxe7 Rxe7 28.Kf2 g6 29.Rd3 Kf7 30.Rd4 c5 31.Rd5 Rc7 32.Ke2 Ke6 33.Rd8 Rc6 
34.Kd2 Rd6+ 35.Rxd6+ Kxd6 36.Ke2 Ke5 37.Kd3 Kd5 38.Ke3 g5 39.g3 Ke5 0-1

[Event "C.to Italiano U16 femminile Finale"]
[Site "Torre Macauda - Sciacca ITA"]
[Date "2000.07.06"]
[Round "2"]
[White "Sedani, Elisa"]
[Black "Luzietti, Camilla"]
[Result "1/2-1/2"]
[WhiteElo "1533"]
[BlackElo "1482"]
[PlyCount "148"]
[EventDate "2000.07.06"]

1.e4 c5 2.Nf3 d6 3.d3 g6 4.g3 Bg7 5.Bg2 Nc6 6.O-O Nf6 7.c3 O-O 8.Nbd2 Bd7 
9.Re1 Ng4 10.Qb3 b5 11.Nf1 Nge5 12.Nxe5 Nxe5 13.Qc2 Qc8 14.f4 Ng4 15.Ne3 
Rb8 16.Nxg4 Bxg4 17.Qf2 b4 18.cxb4 Rxb4 19.Rb1 Bc3 20.Rf1 Qa6 21.a3 Qxd3 
22.Kh1 Bd4 23.Qe1 Qxb1 24.axb4 Bxb2 25.bxc5 Qxc1 26.Qxc1 Bxc1 27.Rxc1 Rc8 
28.c6 Be2 29.c7 Kf8 30.Kg1 Ke8 31.e5 Ba6 32.Bc6+ Kf8 33.Bd7 Ra8 34.c8=Q+ 
Bxc8 35.Bxc8 a5 36.Bb7 Ra7 37.Bg2 a4 38.exd6 exd6 39.Ra1 Ke7 40.Kf2 Ke6 
41.Ke3 d5 42.Kd4 Ra5 43.Bf3 a3 44.Kc3 a2 45.Kb2 d4 46.Be2 Kd5 47.Bd1 f6 
48.Bb3+ Ke4 49.Bxa2 Ke3 50.h3 d3 51.Re1+ Kf2 52.Re7 d2 53.Rd7 Ke1 54.Re7+ 
Kf2 55.Bb3 Rb5 56.Rd7 Ke1 57.Re7+ Kf2 58.Kc2 Rxb3 59.Kxd2 h5 60.Re6 Rxg3 
61.Rxf6 Rf3 62.Rxg6 Rxf4 63.Rg5 Rh4 64.Re5 Rxh3 65.Re2+ Kf3 66.Re3+ Kg4 
67.Re4+ Kf3 68.Re3+ Kg4 69.Re4+ Kf3 70.Re3+ Kg4 71.Re4+ Kf3 72.Re3+ Kg4 
73.Re4+ Kf3 74.Re3+ Kg4 1/2-1/2

[Event "C.to Italiano U16 femminile Finale"]
[Site "Torre Macauda - Sciacca ITA"]
[Date "2000.07.07"]
[Round "3"]
[White "Costantini, Laura"]
[Black "Luzietti, Camilla"]
[Result "1/2-1/2"]
[WhiteElo "1651"]
[BlackElo "1482"]
[PlyCount "27"]
[EventDate "2000.07.06"]

1.e4 e6 2.d4 d5 3.Nc3 Bb4 4.e5 c5 5.a3 Bxc3+ 6.bxc3 c4 7.Qg4 Kf8 8.Nf3 h6 
9.a4 Qa5 10.Ba3+ Ne7 11.Kd2 Nc6 12.h4 Rg8 13.Be2 Ke8 14.g3 1/2-1/2

[Event "C.to Provinciale CO"]
[Site "Villa Guardia ITA"]
[Date "2000.01.14"]
[Round "1"]
[White "Bellotto, Stefano"]
[Black "Orsenigo, Davide"]
[Result "1-0"]
[WhiteElo "1701"]
[BlackElo "1425"]
[PlyCount "27"]
[EventDate "2000.01.14"]

1. d4 Nf6 2. c4 c5 3. d5 b5 4. Nf3 d6 5. Qc2 Nbd7 6. e4 Ng4 7. Be2 b4 8. Ng5
Nge5 9. f4 Ng6 10. Bh5 Nf6 11. Bxg6 hxg6 12. Nd2 e6 13. dxe6 fxe6 14. e5 1-0

[Event "C.to Provinciale CO"]
[Site "Villa Guardia ITA"]
[Date "2000.01.14"]
[Round "1"]
[White "Bevilacqua, Roberto"]
[Black "Regorda, Vittorio"]
[Result "1-0"]
[WhiteElo "2051"]
[BlackElo "1573"]
[PlyCount "65"]
[EventDate "2000.01.14"]

1. e4 e6 2. d4 d5 3. Nc3 Nf6 4. Bg5 dxe4 5. Nxe4 Be7 6. Bd3 Nxe4 7. Bxe7 Nxf2
8. Bxd8 Nxd1 9. Bxc7 Ne3 10. Kf2 Nd5 11. Bd6 Bd7 12. c4 Nf6 13. Nf3 Bc6 14.
Rhe1 Ng4+ 15. Kg3 Bxf3 16. Kxf3 h5 17. h3 Nf6 18. d5 Kd7 19. Ba3 Re8 20. dxe6+
fxe6 21. Bg6 Rd8 22. Rad1+ Kc7 23. Rxd8 Kxd8 24. Rxe6 Nc6 25. Re3 Kc7 26. Kg3
Rd8 27. b4 Rd2 28. b5 Rxa2 29. bxc6 Kxc6 30. Bf8 h4+ 31. Kf3 Ra4 32. Bxg7 Nd7
33. Be8 1-0

[Event "C.to Provinciale CO"]
[Site "Villa Guardia ITA"]
[Date "2000.01.14"]
[Round "1"]
[White "Boffi, Luigi"]
[Black "Revinelli, Sergio"]
[Result "1/2-1/2"]
[WhiteElo "1461"]
[BlackElo "1735"]
[PlyCount "75"]
[EventDate "2000.01.14"]

1. g3 d5 2. Bg2 e5 3. d3 c5 4. Nd2 Nf6 5. h3 Bd6 6. e4 d4 7. Ngf3 Nc6 8. O-O
O-O 9. Kh2 b5 10. Ng1 Qc7 11. Ndf3 h6 12. g4 g5 13. Qd2 Ne7 14. Nxg5 Bxg4 15.
N5f3 Bxf3 16. Nxf3 Ng6 17. Qxh6 Rfc8 18. Nh4 Bf8 19. Qg5 Nh7 20. Qg3 Qd6 21.
Nxg6 Qxg6 22. Qxg6+ fxg6 23. f4 Bd6 24. fxe5 Bxe5+ 25. Bf4 Re8 26. Rf2 Re7 27.
Raf1 Rae8 28. Bxe5 Rxe5 29. Rf7 R8e7 30. Rxe7 Rxe7 31. h4 b4 32. Rf4 Kg7 33.
Bf3 Re6 34. Kh3 Ra6 35. e5 Re6 36. Re4 Nf8 37. Kg3 Ra6 38. Rf4 1/2-1/2

[Event "C.to Provinciale CO"]
[Site "Villa Guardia ITA"]
[Date "2000.01.14"]
[Round "1"]
[White "Colombo, Alberto"]
[Black "Turcatti, Mauro"]
[Result "1-0"]
[WhiteElo "2165"]
[BlackElo "1600"]
[PlyCount "41"]
[EventDate "2000.01.14"]

1. e4 e6 2. d4 d5 3. Nc3 Bb4 4. e5 c5 5. a3 Bxc3+ 6. bxc3 Ne7 7. Qg4 O-O 8. Nf3
Nbc6 9. Bd3 f5 10. exf6 Rxf6 11. Bg5 Rf7 12. Qh4 g6 13. Bf6 h6 14. Bxg6 Nxg6
15. Bxd8 Nxh4 16. Bxh4 c4 17. Kd2 e5 18. Nxe5 Nxe5 19. dxe5 Rf4 20. Bg3 Rf7 21.
Rae1 1-0

[Event "C.to Provinciale CO"]
[Site "Villa Guardia ITA"]
[Date "2000.01.14"]
[Round "1"]
[White "Corti, Corrado"]
[Black "Pino, Nicola"]
[Result "1-0"]
[WhiteElo "1795"]
[BlackElo "1492"]
[PlyCount "63"]
[EventDate "2000.01.14"]

1. e4 c5 2. Nf3 e6 3. d4 cxd4 4. Nxd4 Nf6 5. Nc3 Bb4 6. Bd3 e5 7. Nf5 O-O 8.
O-O d5 9. Nxd5 Nxd5 10. exd5 Bxf5 11. Bxf5 g6 12. Bh3 Nd7 13. Qg4 Be7 14. Qxd7
Qxd7 15. Bxd7 Rfd8 16. Ba4 Rxd5 17. Be3 Rad8 18. Bb3 Ra5 19. Rad1 b6 20. Rxd8+
Bxd8 21. Rd1 Be7 22. Rd5 Rxd5 23. Bxd5 Kg7 24. f4 Bd6 25. fxe5 Bxe5 26. c3 f6
27. g3 Bd6 28. Kg2 g5 29. g4 Kf8 30. h3 Ke7 31. Kf3 Bh2 32. Ke4 1-0

[Event "C.to Provinciale CO"]
[Site "Villa Guardia ITA"]
[Date "2000.01.14"]
[Round "1"]
[White "Gagliardi, Christian"]
[Black "Grassetto, Gilberto"]
[Result "1-0"]
[WhiteElo "1918"]
[BlackElo "1516"]
[PlyCount "87"]
[EventDate "2000.01.14"]

1. e4 c5 2. Nf3 Nc6 3. d4 cxd4 4. Nxd4 e5 5. Nb5 d6 6. N1c3 a6 7. Na3 b5 8. Nd5
h6 9. Be3 Rb8 10. Be2 Nf6 11. Nxf6+ Qxf6 12. O-O Be7 13. c3 g5 14. Bg4 Bxg4 15.
Qxg4 h5 16. Qd1 Qg6 17. Qd5 Rc8 18. Nc2 O-O 19. a4 bxa4 20. Rxa4 a5 21. Bb6 g4
22. Ne3 Bg5 23. Nf5 Ne7 24. Nxe7+ Bxe7 25. Bxa5 Kg7 26. Bb4 f5 27. Ra7 Rf7 28.
exf5 Qxf5 29. Bxd6 Bxd6 30. Rxf7+ Qxf7 31. Qxd6 Re8 32. Qd2 Qf6 33. f3 Rf8 34.
Qd7+ Rf7 35. Qb5 Qf4 36. Qd3 g3 37. hxg3 Qxg3 38. Qe4 Rf6 39. Re1 Re6 40. f4 h4
41. f5 Rf6 42. Qxe5 Qg5 43. Qe7+ Kh6 44. Qxf6+ 1-0